Les principles de l'analyse dimensionnelle : invariance des relations vectorielles dans certains groupes d'affinités /
Guardado en:
| Autor Principal: | |
|---|---|
| Formato: | Libro |
| Idioma: | French |
| Publicado: |
Paris :
Gauthier-Villars,
1962.
|
| Series: | Mémorial des sciences mathématiques ;
fasc. 92 |
| Etiquetas: |
Agregar Etiqueta
Sin Etiquetas, Sea el primero en etiquetar este registro!
|
| LEADER | 00597nam a22001575a 4500 | ||
|---|---|---|---|
| 001 | MAT.inmabb001496 | ||
| 008 | 031124s1962####fr############000#0#fre#d | ||
| 005 | 20170816152728.0 | ||
| 245 | 1 | 4 | |a Les principles de l'analyse dimensionnelle : |b invariance des relations vectorielles dans certains groupes d'affinités / |c René Saint-Guilhem. |
| 260 | |a Paris : |b Gauthier-Villars, |c 1962. | ||
| 300 | |a 79 p. ; |c 24 cm. | ||
| 440 | 0 | |a Mémorial des sciences mathématiques ; |v fasc. 92 | |
| 510 | 4 | |a MR, |c 26 #3237 | |
| 100 | 1 | |a Saint-Guilhem, René. | |
| 084 | |a 00A69 |2 msc2000 | ||
| 859 | |h 00A69 |i Sa132 |p A-1824 |b BIB. MATEMATICA | ||
